• 首页
  • 本馆介绍
  • 公告通知
  • 最新文献
  • 馆藏检索
  • 电子资源
  • 读者导购
  • 参考咨询
  • 我的图书馆
  • 登录
  • 详细信息显示
  • 放入我的书架
  • 预约/预借图书
  • 作者相关作品
  • 分类相关作品
  • 丛书相关作品
  • 出版社相关作品

书目信息

  • 表格格式
  • 工作单格式
  • 卡片格式
题名:
岁月如歌
    
 
作者: 胡锦华 主编
分册:  
出版信息: 北京   北京大学医学出版社  2006.03
页数: 414页
开本: 26cm
丛书名:
单 册:
中图分类: R193
科图分类:
主题词: 健康教育--概况--中国 , 医药卫生组织机构 , 医疗保健事业
电子资源:
ISBN: 7-81071-826-6
000 01085nam2 2200313 450
001 012007088888
005 20070629100548.42
010    @a7-81071-826-6@dCNY85.00
100    @a20061020d2006 ekmy0chiy50 ea
101 0  @achi
102    @aCN@b110000
105    @ak z 000yy
200 1  @a岁月如歌@Asui yue ru ge@e中国健康教育发展侧记@f胡锦华主编@Fhu jin hua zhu bian
210    @a北京@c北京大学医学出版社@d2006.03
215    @a414页@c表@d26cm
300    @a后有附录:第363-413页
327 1  @a后有后记:第414页
330    @a本书共分九部分:第一部分事件篇;第二部分理论篇;第三部分方法篇;第四部分活动篇;第五部分社团篇;第六部分举措篇;第七部分人物篇;第八部分历史篇;第九部分附录。
410 0  @12001
517 1  @a中国健康教育发展侧记@Azhong guo jian kang jiao yu fa zhan ce ji
540 1  @a岁月如歌:中国健康教育发展侧记
606 0  @a健康教育@x概况@y中国
606 0  @a医药卫生组织机构
606 0  @a医疗保健事业
690    @aR193@v4
701  0 @a胡锦华@Ahu jin hua@4主编
801  0 @aCN@bYXSD@c20070629
905    @aBZT@dR193@e1@f6
906    @dCNY85.00@n0@r1
    
    岁月如歌:中国健康教育发展侧记/胡锦华主编.-北京:北京大学医学出版社,2006.03
    414页:表;26cm
    后有附录:第363-413页
    部分内容:后有后记:第414页
    ISBN 7-81071-826-6:CNY85.00
    本书共分九部分:第一部分事件篇;第二部分理论篇;第三部分方法篇;第四部分活动篇;第五部分社团篇;第六部分举措篇;第七部分人物篇;第八部分历史篇;第九部分附录。
●
相关链接 在五车中查询图书 在当当中查询图书 在豆瓣中查询图书


正题名:岁月如歌     索取号:R193/1         预约/预借

序号 登录号 条形码 馆藏地/架位号 状态 备注
1 0567990   230190557   样本书库/样007架B面3层2列/ [索取号:R193/1] 在馆    
2 0567991   230190556   中心书库中库/ 中库002架B面1列6层1/ [索取号:R193/1] 在馆    
3 0567992   230190555   中心书库中库/ 中库002架B面1列6层4/ [索取号:R193/1] 在馆    
4 0567993   230190554   中心书库中库/ 中库002架B面1列6层5/ [索取号:R193/1] 在馆    
5 0567994   230190553   中心书库中库/ 中库002架B面1列6层2/ [索取号:R193/1] 在馆    
6 0567995   230190552   中心书库中库/ 中库002架B面1列6层3/ [索取号:R193/1] 在馆    
山东省滨州职业学院图书馆 欢迎您!
大连网信软件有限公司© 版权所有